Супергетеродинный трёхкомпонентный лазерный доплеровский анемометр; Приборы и техника эксперимента; № 2

Detaylı Bibliyografya
Parent link:Приборы и техника эксперимента/ Российская академия наук.— , 1956-.— 0032-8162
№ 2.— 2003.— с. 115-121
Yazar: Митюшин А. И.
Dil:Rusça
Baskı/Yayın Bilgisi: 2003
Seri Bilgileri:Лабораторная техника
Konular:
Materyal Türü: MixedMaterials Kitap Bölümü
KOHA link:https://koha.lib.tpu.ru/cgi-bin/koha/opac-detail.pl?biblionumber=427159

MARC

LEADER 00000naa2a2200000 4500
001 427159
005 20231101074626.0
035 |a (RuTPU)RU\TPU\prd\86283 
035 |a RU\TPU\prd\13286 
090 |a 427159 
100 |a 20100903a2003 k y0rusy50 ca 
101 0 |a rus 
102 |a RU 
200 1 |a Супергетеродинный трёхкомпонентный лазерный доплеровский анемометр  |f А. И. Митюшин 
225 1 |a Лабораторная техника 
320 |a Библиогр.: 5 назв. 
461 1 |0 (RuTPU)RU\TPU\prd\300  |x 0032-8162  |t Приборы и техника эксперимента  |f Российская академия наук  |d 1956- 
463 1 |0 (RuTPU)RU\TPU\prd\86261  |t № 2  |v с. 115-121  |d 2003 
610 1 |a лазерные анемометры 
610 1 |a супергетеродинный анемометр 
610 1 |a доплеровский анемометр 
610 1 |a методы исследований 
610 1 |a бесконтактные методы 
610 1 |a диагностика 
675 |a 535.8  |v 3 
700 1 |a Митюшин  |b А. И. 
801 1 |a RU  |b 63413507  |c 20030505  |g PSBO 
801 2 |a RU  |b 63413507  |c 20100903  |g RCR 
942 |c BK